| 000 | 00970nam a22002297a 4500 | ||
|---|---|---|---|
| 003 | OSt | ||
| 005 | 20251110172302.0 | ||
| 008 | 251105b |||||||| |||| 00| 0 eng d | ||
| 040 | _c0 | ||
| 082 | _aDPer 361.05 J826 January 2018 v. 65 n. 1 | ||
| 100 |
_aTebbe, Elliot A. _eAuthor. _969234 |
||
| 245 |
_a"I don't care about you as a person" : _bSexual minority women objectified _cElliot A. Tebbe, Kathleen E. Connelly, Bonnie Moradi, Alexandra L. Lenzen and Mirella Flores |
||
| 260 |
_aU.S.A ; _bAmerican Psychological Association , _cJanuary 2018. |
||
| 300 |
_aVolume 65, pages 1-16 : _billustration ; _c28 cm. |
||
| 500 | _aJournal of Counseling Psychology, vol. 65, no. 1, pages 1-16, January 2018. | ||
| 700 |
_aTebbe, Elliot A. _eAuthor. _969234 |
||
| 700 |
_aConnelly, Kathleen E. _eAuthor. _969235 |
||
| 700 |
_aMoradi, Bonnie _eAuthor. _969236 |
||
| 700 |
_aLenzen, Alexandra L. _eAuthor. _969237 |
||
| 700 |
_aFlores, Mirella _eAuthor. _969238 |
||
| 942 |
_2ddc _cPER |
||
| 999 |
_c24160 _d24160 |
||